MDQL
is popping MORE tags! Check the
thread
!
Quizzes
Events
Quiz Creation
Community
Videos
Private Events
Remove Ads
Sign In
Join for FREE
Feedback
Dark Mode
Quiz Categories
Sports
Geography
Music
Movies
Television
Just For Fun
Miscellaneous
History
Literature
Language
Science
Gaming
Entertainment
Religion
Holiday
For Kids
Quiz Lab
Recent
Popular Today
Quiz Kudos Today
Editor Picks
Curator Picks
Quizzes by...
Day
Popularity
Type
Ratings
Length
Year
Community
Subscriptions
Recent Discussions
Orange Saloon
Badges
Playlists
Quests
Create
Leaderboards
Showdown
Live 5
Trivia Bingo
Activity
Puzzle Library
Sporcle Events
Private Events
Virtual Trivia
Globe League
Become a Host
Pub Owners
SporcleCon
Opinionation
Our Games
Videos
Blog
Mobile Apps
Partnerships
Remove Ads and Go Orange
Feedback
Just For Fun
Clickable
Get the Picture
Humor
Quick Pick
Word Ladder
Missing Word
Mixed Word
Blitz
Minefield
This or That
Alphabet
Color
Typing
Sporcle
Puzzle
Word Play
Follow That Line
Logic
Just For Fun
Clickable
Get the Picture
Humor
Quick Pick
Word Ladder
Missing Word
Mixed Word
Blitz
Minefield
This or That
Alphabet
Color
Typing
Sporcle
Puzzle
Word Play
Follow That Line
Logic
Random Quiz
Search Sporcle
×
Quiz Lab
Quiz Lab
Just For Fun
Word Ladder
Type in answers that appear in a list
Type in answers that appear in a list
Classic
Best Score? Go Orange.
Word Ladder: Anagram Hourglass Stats
Can you name the words in this hourglass-shaped word ladder?
By
yellowdart5
3m
19 Questions
188 Plays
188 Plays
188 Plays
Comments
Comments
Give Quiz Kudos
Give Quiz Kudos
-
- Ratings
hide this ad
Replay
Link that replays current quiz
Next Quiz
Link to next quiz in quiz playlist
You Got
0%
They Got
Avg Score
83%
Avg Friend Score
Upgrade to see
Score Distribution
Jump to the score distribution portion of the page
Score
0/19
Timer
03:00
0
Plays Today
Hint
Word
% Correct
Marx Brothers film: 'A Night _
_
the Opera'
AT
98.9%
Indefinite Article
*A*
97.8%
Shorter greeting than 'hello'
HI
97.8%
'Life of _
_
' (don't say 'Brian')
PI
97.3%
Embrace with affection
HUG
96.2%
Not this _
_
that
BUT
94.6%
Nasty old woman
HAG
93.5%
Father
PA
93%
Stephen King story
IT
91.4%
8 of these are in a byte
BIT
91.4%
Hint
Word
% Correct
Thatched-
roof, e.g.
HUT
87.6%
Word used in similes
AS
85.5%
The Lumineers song: '_
_
Hey'
HO
84.9%
Male sheep
*RAM*
80.6%
Part of a basketball hoop
RIM
80.1%
What Helga does to Hagar
*NAG*
62.9%
United Nations disease-
control group
WHO
58.1%
Greek letter Ρ
RHO
51.1%
2011 Jesse Eisenberg film
RIO
46.8%
Quiz Playlist
Details
Report
Send in Message
Add To Playlist
Classic:
Type in answers that appear in a list
Last Updated: Feb 16, 2017
Quiz Scoreboard
CHALLENGE
Sign Up to Join the Scoreboard
Show All
Scores
Hide
Comments
May contain spoilers
Recently Published
1-10 Letter E Words III
by El_Dandy
Language
2m
Street Fighter Characters
by Artimus82
Gaming
60s
College Basketball Coaching Resumes
by pancakes188
Sports
9m
More to Explore
Quiz From the Vault
Featured Blog Post
Where Did the Easter Bunny Come From?
hide this ad
You Might Also Like...
Tags
Word Ladder Quiz
anagrams
glass
hour
Today's Top Quizzes in Just For Fun
Browse Just For Fun
hide this ad
Today's Top Quizzes in Word Ladder
Browse Word Ladder
Top Contributed Quizzes in Just For Fun
1
Name Just One - 10 to 1: Just For Fun
2
Killer Double Trees 224 - Colour Match-Up
3
Spring Typing Challenge
4
Crossword Whiteout! 49
5
Zeroing In: Just For Fun
6
Survivor Winners Logic Puzzle
7
Word Ladder: Ahoy Matey
8
Word Ladder: Wilderness Weapon
9
Clickable Animal Jokes #2
10
Kyle's 122nd Triple Trees
Explore More
Trending Topics
Anime
NBA
Disney
Harry Potter
Crossword
Kpop
Marvel
Song
Puzzle
NFL
Pokémon
Soccer
The Office
Country
WWE
hide this ad
More By:
yellowdart5
Quiz
Plays
Rating
Category
Featured
Created
Word Ladder: Jack London
16,786
4.51
Just For Fun
Jun 10, 2013
1960: Kennedy, Nixon, or Byrd?
1,699
4.83
History
Aug 27, 2012
Pants on Fire: Obama or Romney?
1,549
3.50
History
Oct 27, 2012
Borders of Ontario
882
4.67
Geography
Jul 1, 2013
What is a Hobbit?
701
3.67
Literature
Jun 20, 2012
Go to Creator's Profile
Score Distribution
Quiz Creator Spotlight
yellowdart5
Follow
Send a Message
Quizzes Created
-
Created Quiz Play Count
-
More By This Creator
Popular Quizzes Today
1
Find the US States - No Outlines Minefield
2
Find the Countries of Europe - No Outlines Minefield
3
Find the US States
4
The Countries of the World
5
Risky Map Clicking: Biggest States A-Z
6
US States
7
Popular People in 1961
8
Movies - When Are They Set?
More Just For Fun Quizzes
Word Ladder: Heads Up
Published
Trending Quizzes
Risky Map Clicking: Least Populous States A-Z
1-10 Letter G Words
Countries of the World: 200 Million BC
1-10 Letter F Words
Risky Map Clicking: Next State Alphabetically
Recently Updated
Largest US Cities 1790-2010
pecheneg
Rides in Walt Disney World
pecheneg
Most Oscar Losses (Acting)
pecheneg
Beyoncé Albums
pecheneg
Leaping Animals
pecheneg
Reality TV Shows (A-Z)
bhenderson79
Rickey Henderson's Hall of Fame Teammates
pecheneg
Champions League XIs: Arsenal
pecheneg
Quick Pick: Celebrities in WWE's Hall of Fame
aduchscher
A-Z Keypad Blitz II
pecheneg
Trending Topics
Crossword
Anime
Harry Potter
NBA
Kpop
Marvel
Disney
Pokémon
WWE
Puzzle
Soccer
NFL
The Office
Country
Song
Your Account Isn't Verified!
In order to create a playlist on Sporcle, you need to verify the email address you used during registration. Go to your
Sporcle Settings
to finish the process.
Report this User
Report this user for behavior that violates our
Community Guidelines
.
Details:
Send Report
Go to the Sporcle.com Mobile Site →
Comments